000
00246nam a2200097Ia 4500
001
808768
005
20250826171256.0
008
250824s9999 xx 000 0 und d
245
0
_a
KUŞATMA ALTINDA
_c
JOHN FLANAGAN
260
_b
BEYAZ BALİNA YAYINLARI
999
_c
808768
_d
808768